<?xml version="1.0" encoding="UTF-8"?>
<collection xmlns="http://www.loc.gov/MARC21/slim">
<record>
  <controlfield tag="001">5676</controlfield>
  <controlfield tag="005">20220202143509.0</controlfield>
  <datafield tag="037" ind1=" " ind2=" ">
    <subfield code="a">OUTRART-2022-0008</subfield>
  </datafield>
  <datafield tag="100" ind1=" " ind2=" ">
    <subfield code="a">Pauwels, T.</subfield>
  </datafield>
  <datafield tag="245" ind1=" " ind2=" ">
    <subfield code="a">Het project RUSTICCA: 20 jaar waarnemen met de Schmidt-telescoop van de Koninklijke Sterrenwacht van België (NL) - Le projet RUSTICCA: 20 ans d'observations avec le télescope Schmidt de l'Observatoire royal de Belgique (FR)</subfield>
  </datafield>
  <datafield tag="260" ind1=" " ind2=" ">
    <subfield code="c">2022</subfield>
  </datafield>
  <datafield tag="594" ind1=" " ind2=" ">
    <subfield code="a">NO</subfield>
  </datafield>
  <datafield tag="700" ind1=" " ind2=" ">
    <subfield code="a">De Cat, P.</subfield>
  </datafield>
  <datafield tag="773" ind1=" " ind2=" ">
    <subfield code="p">Science Connection</subfield>
    <subfield code="v">6</subfield>
    <subfield code="y">2022</subfield>
    <subfield code="c">14--22</subfield>
  </datafield>
  <datafield tag="856" ind1="0" ind2=" ">
    <subfield code="f">peter.decat@observatoire.be</subfield>
  </datafield>
  <datafield tag="856" ind1="4" ind2="2">
    <subfield code="a">http://www.belspo.be/belspo/organisation/publ_science_en.stm</subfield>
  </datafield>
  <datafield tag="856" ind1="4" ind2=" ">
    <subfield code="s">534530</subfield>
    <subfield code="u">http://publi2-as.oma.be/record/5676/files/Pauwels2022_ScienceConnection66_14_NL.pdf</subfield>
    <subfield code="y">(NL)</subfield>
  </datafield>
  <datafield tag="856" ind1="4" ind2=" ">
    <subfield code="s">537275</subfield>
    <subfield code="u">http://publi2-as.oma.be/record/5676/files/Pauwels2022_ScienceConnection66_14_FR.pdf</subfield>
    <subfield code="y">(FR)</subfield>
  </datafield>
  <datafield tag="856" ind1="4" ind2=" ">
    <subfield code="s">21407</subfield>
    <subfield code="u">http://publi2-as.oma.be/record/5676/files/Pauwels2022_ScienceConnection66_14_FR.jpg?subformat=icon-180</subfield>
    <subfield code="x">icon-180</subfield>
    <subfield code="y">(FR)</subfield>
  </datafield>
  <datafield tag="856" ind1="4" ind2=" ">
    <subfield code="s">21407</subfield>
    <subfield code="u">http://publi2-as.oma.be/record/5676/files/Pauwels2022_ScienceConnection66_14_NL.jpg?subformat=icon-180</subfield>
    <subfield code="x">icon-180</subfield>
    <subfield code="y">(NL)</subfield>
  </datafield>
  <datafield tag="856" ind1="4" ind2=" ">
    <subfield code="s">40089</subfield>
    <subfield code="u">http://publi2-as.oma.be/record/5676/files/Pauwels2022_ScienceConnection66_14_FR.gif?subformat=icon</subfield>
    <subfield code="x">icon</subfield>
    <subfield code="y">(FR)</subfield>
  </datafield>
  <datafield tag="856" ind1="4" ind2=" ">
    <subfield code="s">40089</subfield>
    <subfield code="u">http://publi2-as.oma.be/record/5676/files/Pauwels2022_ScienceConnection66_14_NL.gif?subformat=icon</subfield>
    <subfield code="x">icon</subfield>
    <subfield code="y">(NL)</subfield>
  </datafield>
  <datafield tag="980" ind1=" " ind2=" ">
    <subfield code="a">OUTRART</subfield>
  </datafield>
</record>
</collection>